| 000 | 00600nam a2200145Ia 4500 | ||
|---|---|---|---|
| 008 | 220216s9999 xx 000 0 und d | ||
| 100 |
_aZhang B L _cet al |
||
| 245 | 0 | _aStudy on the properties of natural rubber made from latex coagulated with biological | |
| 260 | _bClimate Change, Low Carbon Economy and Sustainable Natural Rubber Industry: Preprints of Proceedings of IRRDB International Rubber Conference 2010, 18-19 October 2010 Sanya, Hainan, China, pp. 707. | ||
| 650 | _aFresh latex | ||
| 650 | _aMicrobiological coagulation | ||
| 650 | _aProperties | ||
| 856 | _uAbst only | ||
| 942 | _cJS | ||
| 999 |
_c69868 _d69868 |
||